| 000 | 00531nam a22001577a 4500 | ||
|---|---|---|---|
| 999 |
_c534859 _d534859 |
||
| 020 | _qHard Cover. | ||
| 082 | _a621.3678 | ||
| 100 | _aFirdous,Hafsa | ||
| 245 |
_aInundation and Potentials Hazard Analysis of Landslide Lake Attaabad - Hunza , Pakistan _cHafsa Firdous |
||
| 260 |
_aIslamabad : _bIGIS - NUST, _c2012. |
||
| 300 |
_axii, 48 p. : ill, _c30cm. |
||
| 942 |
_2ddc _cTHE |
||
| 650 |
_aMS Thesis Remote Sensing and GIS _929221 |
||
| 700 |
_aDr. Javed Iqbal. _925404 |
||